Plusieurs façons de le dire (click quiz) - Statistiques

Statistiques générales
  • Ce quiz a été pris 148 fois
    134 depuis la dernière actualisation
  • Le résultat moyen est 7 sur 11
Statistiques - réponses
Hint Réponse % Correct
Clamsé Décédé
98%
Vioque Sénior
89%
A oilpé En tenue d'Eve
82%
Chiottes Wc
81%
Chicken Policier
69%
Avoir un polichinelle dans le tiroir Attendre un heureux évènement
68%
Lieu où on est bouffé par les vers Demeure éternelle
56%
4 fractures du rectum Pronostic vital engagé
49%
Macchabée Dépouille
47%
JetPunkite Aigüe Longue maladie
46%
Mise à pied pour fétichisme Plan de sauvegarde de l'emploi
44%
Aucun quiz correspondant
Distribution des résultats
% des personnes avec chaque résultat
Percentile par nombre de réponses
Votre historique - résultats
Vous n’avez pas pris ce quiz depuis la dernière actualisation